Η επαναστατική μάζα : συμβολή εις την κοινωνιολογίαν των κοινωνικών επαναστάσεων:η τεράστια κοινωνική σημασία των βλακών εν τω συγχρονω βίω
Αποθηκεύτηκε σε:
| Κύριος συγγραφέας: | |
|---|---|
| Μορφή: | Βιβλίο |
| Γλώσσα: | Greek |
| Δημοσίευση: |
Αθήνα :
Οι εκδόσεις των φίλων,
1992
|
| Έκδοση: | 5η έκδ. |
| Θέματα: | |
| Ετικέτες: |
Προσθήκη ετικέτας
Δεν υπάρχουν, Καταχωρήστε ετικέτα πρώτοι!
|
MARC
| LEADER | 00000nam a2200000 i 4500 | ||
|---|---|---|---|
| 001 | 1/68075 | ||
| 008 | 931123s1992 gre d | ||
| 035 | |a ΛΕΣΒΟΣb10002009 |l 10002009 | ||
| 040 | |a GR-MY-UA |b gre |e aacr | ||
| 041 | 0 | |a gre | |
| 082 | 0 | |a 303.4 | |
| 100 | 1 | |a Λεμπέσης, Ευάγγελος, |d 1906-1968. | |
| 245 | 1 | 2 | |a Η επαναστατική μάζα : |b συμβολή εις την κοινωνιολογίαν των κοινωνικών επαναστάσεων:η τεράστια κοινωνική σημασία των βλακών εν τω συγχρονω βίω / |c Ε. Λεμπέση ; Πρόλογος Παναγιώτη Φωτέα |
| 250 | |a 5η έκδ. | ||
| 260 | |a Αθήνα : |b Οι εκδόσεις των φίλων, |c 1992 | ||
| 300 | |a 160 σ. | ||
| 650 | 0 | 0 | |a Sociology. |
| 650 | 0 | 0 | |a Social problems. |
| 650 | 0 | 0 | |a Social action. |
| 852 | |a INST |b LESVOS |e 19931123 |h 303.4 ΛΕΜ |p 005100007081 |q 005100007081 |t BK |y 0 | ||
| 909 | |a Λ |b 032219 | ||